載入...

Kahani ke phalak/

書目詳細資料
主要作者: Arun Prakash
格式: Printed Book
出版: Ghaziabad: Antika Prakashan, 2014.
主題:
LEADER 00545nam a22001697a 4500
999 |c 71730  |d 71730 
020 |a 9789381923733 
082 |a H301 09  |b ARU/K 
100 |a Arun Prakash 
245 |a Kahani ke phalak/  |c by Arun Prakash 
260 |a Ghaziabad:  |b Antika Prakashan,  |c 2014. 
300 |a 168p. 
650 |a Stories Hindi Criticism 
650 |a Literature Hindi 
650 |a Literature 
942 |c BK 
952 |0 0  |1 0  |4 0  |6 H_301_000000000000000_09ARU_K  |7 0  |9 92351  |a SSUS  |b SSUS  |c STACKS  |d 2018-05-29  |g 350.00  |o H301 09ARU/K  |p 089204  |r 2018-05-29  |w 2018-05-29  |y BK